| 000 | 01108cam a2200265 i 4500 | ||
|---|---|---|---|
| 003 | SA-RiAUC | ||
| 005 | 20250909112117.0 | ||
| 008 | 250908s1971 iq g 0000pdara c | ||
| 040 |
_aSA-RiAUC _bara _cSA-RiAUC _erda |
||
| 082 | 0 | 4 | _a811.3 |
| 090 |
_a811.3 _bا س د |
||
| 100 | 1 |
_aالأسدي، الحسين بن مطير بن مكمل، _dتوفي 169 هجري _eمؤلف. |
|
| 245 | 1 | 2 |
_aالحسين بن مطير الأسدي / _cجمعه وحققه محسن غياض. |
| 264 | 1 |
_aبغداد : _bدار الحرية للطباعة، _c1971 |
|
| 300 |
_a80 صفحة ؛ _c24 سم. |
||
| 336 |
_aنص _btxt _2rdacontent _3كتاب |
||
| 337 |
_aبدون وسيط _bn _2rdamedia |
||
| 338 |
_aمجلد _bnc _2rdacarrier |
||
| 440 | 0 |
_aسلسلة كتب التراث (العراق. وزارة الثقافة والإعلام) _v19 |
|
| 650 | 7 |
_aالشعر العربي _yالعصر الأموي _2aucsh |
|
| 650 | 7 |
_aالشعر العربي _yالعصر العباسي _2aucsh |
|
| 700 | 1 |
_aعجيل، محسن غياض _eجامع. |
|
| 942 |
_2ddc _cBOOK _n0 |
||
| 949 |
_aSA-JeALM _d250908 _umohamedma123 _n1 |
||
| 999 |
_c11527 _d11527 |
||